Les villes françaises avec les plus hauts taux de chômage - Statistiques

Statistiques générales
  • Ce quiz a été pris 132 fois
  • Le résultat moyen est 6 sur 15
Statistiques - réponses
Taux de chômage Villes % Correct
12,04 % Lille
77%
19,63 % Saint-Denis
64%
15,15 % Saint-Denis
64%
13,60 % Saint-Etienne
47%
14,58 % Le Havre
41%
12,26 % Reims
41%
13,11 % Amiens
38%
13,04 % Montpellier
37%
14,91 % Perpignan
37%
13,28 % Nîmes
29%
12,07 % Angers
26%
16,94 % Mulhouse
26%
12,89 % Le Mans
24%
18,15 % Saint-Paul
16%
13,11 % Montreuil
15%
Aucun quiz correspondant
Distribution des résultats
% des personnes avec chaque résultat
Percentile par nombre de réponses
Votre historique - résultats
Vous n’avez pas pris ce quiz